UBT Library

Modern medical language / (Record no. 44096)

000 -LEADER
fixed length control field 00598cam a2200217 a 4500
001 - CONTROL NUMBER
control field 2113301
005 - DATE AND TIME OF LATEST TRANSACTION
control field 20180306030808.0
008 - FIXED-LENGTH DATA ELEMENTS--GENERAL INFORMATION
fixed length control field 960319s1996 mnua d 001 0 eng
010 ## - LIBRARY OF CONGRESS CONTROL NUMBER
LC control number 96135119
020 ## - INTERNATIONAL STANDARD BOOK NUMBER
International Standard Book Number 0314067027
040 ## - CATALOGING SOURCE
Original cataloging agency DLC
Transcribing agency DLC
Modifying agency DLC
041 ## - LANGUAGE CODE
Language code of text/sound track or separate title eng
080 ## - UNIVERSAL DECIMAL CLASSIFICATION NUMBER
Universal Decimal Classification number 610.14 COL
082 00 - DEWEY DECIMAL CLASSIFICATION NUMBER
Classification number 610.14 COL
Edition number 20
100 1# - Rafti
Rafti 4
101 ## - Shkurtesa
Shkurtesa SHM
245 10 - TITLE STATEMENT
Title Modern medical language /
Statement of responsibility, etc C. Edward Collins and Juanita J. Davies
906 ## - LOCAL DATA ELEMENT F, LDF (RLIN)
a 7
b cbc
c orignew
d 2
e ncip
f 19
g y-gencatlg
942 ## - ADDED ENTRY ELEMENTS (KOHA)
Source of classification or shelving scheme
Item type Books
Holdings
Withdrawn status Lost status Source of classification or shelving scheme Damaged status Not for loan Collection code Permanent location Current location Shelving location Date acquired Total Checkouts Full call number Barcode Date last seen Price effective from Koha item type
          Koleksioni i përgjithshem UBT - Lipjan UBT - Lipjan Koleksioni i përgjithshem 03/06/2018   610.14 COL 002-3001189 03/06/2018 03/06/2018 Books
UBT Library © 2015-2024. All rights reserved University Education for Business and Technology